Principal Cities of North Carolina - Statistics

General Stats
  • This quiz has been taken 26 times
  • The average score is 21 of 45
Answer Stats
Population Answer % Correct
874,579 Charlotte
100%
299,035 Greensboro
100%
467,665 Raleigh
100%
283,506 Durham
94%
87,521 Greenville
94%
94,589 Asheville
89%
208,501 Fayetteville
83%
249,545 Winston-Salem
83%
174,721 Cary
78%
115,451 Wilmington
78%
61,960 Chapel Hill
72%
113,887 High Point
72%
72,723 Jacksonville
72%
105,186 Concord
67%
80,411 Gastonia
67%
54,341 Rocky Mount
61%
57,303 Burlington
56%
15,060 Henderson
56%
31,291 New Bern
56%
19,092 Boone
50%
18,629 Elizabeth City
44%
43,490 Hickory
44%
19,025 Lumberton
44%
47,851 Wilson
44%
33,657 Goldsboro
39%
14,978 Laurinburg
33%
9,556 Morehead City
28%
17,581 Pinehurst
28%
30,261 Sanford
28%
21,918 Shelby
28%
16,432 Albemarle
22%
19,900 Kinston
22%
18,352 Lenoir
22%
15,229 Roanoke Rapids
22%
9,875 Washington
22%
7,633 Kill Devil Hills
11%
17,474 Morganton
11%
10,611 Mount Airy
11%
15,545 Southern Pines
11%
7,717 Marion
6%
4,131 North Wilkesboro
6%
7,744 Brevard
0%
7,682 Cullowhee
0%
7,377 Forest City
0%
9,243 Rockingham
0%
No matching quizzes found
Score Distribution
Percent of People with Each Score
Percentile by Number Answered
Your Score History
You have not taken this quiz